Hindu fast and festival / (Record no. 168984)

MARC details
000 -LEADER
fixed length control field 00507nam a2200181 4500
005 - DATE AND TIME OF LATEST TRANSACTION
control field 20210413152836.0
010 ## - LCCN (DPL NO)
LC control number ENG-126787
020 ## - INTERNATIONAL STANDARD BOOK NUMBER
International Standard Book Number 9789384335304
Terms of availability 695.00
035 ## - SYSTEM CONTROL NUMBER
System control number EN-110319
037 ## - SOURCE OF ACQUISITION
Source of stock number/acquisition DBAD/PUB
082 ## - DEWEY DECIMAL CLASSIFICATION NUMBER
Classification number 394.26
100 ## - MAIN ENTRY--PERSONAL NAME
Personal name Dwivedi, Rekha
245 ## - TITLE STATEMENT
Title Hindu fast and festival /
Statement of responsibility, etc by Rekha Dwivedi
260 ## - PUBLICATION, DISTRIBUTION, ETC. (IMPRINT)
Place of publication, distribution, etc Delhi
Name of publisher, distributor, etc Mukund Publication
Date of publication, distribution, etc 2019
270 ## - ADDRESS
Address E-11/5, Krishna Nagar, Delhi
Postal code 110051
300 ## - PHYSICAL DESCRIPTION
Extent 216p.
Dimensions 22cm(Hb)
942 ## - ADDED ENTRY ELEMENTS (KOHA)
Source of classification or shelving scheme Dewey Decimal Classification
Item type English Books
Classification part 394.26
Call number suffix DWI
Holdings
Withdrawn status Lost status Not for loan Collection code Home library Current library Date acquired Source of acquisition Cost, normal purchase price Full call number Barcode Copy number Cost, replacement price Koha item type
      Non-fiction Bawana Bawana 01/11/2019 DBAD/PUB 695.00 394.26 DWI EN-110319 1 695.00 English Books

© Delhi Public Library
Hit Counter
free hit counter